[Event "Belgrade Investbank"]
[Site "Belgrade"]
[Date "1997.11.16"]
[Round "5"]
[White "Beliavsky, Alexander G"]
[Black "Kramnik, Vladimir"]
[Result "0-1"]
[WhiteElo "2710"]
[BlackElo "2770"]
[Annotator "Donev,I"]
[PlyCount "68"]
[EventDate "1997.11.11"]
[EventType "tourn"]
[EventRounds "9"]
[EventCountry "YUG"]
[EventCategory "18"]
[SourceTitle "CBM 062"]
[Source "ChessBase"]
[SourceDate "1998.01.31"]
[SourceVersion "1"]
[SourceVersionDate "1998.01.31"]
[SourceQuality "1"]

1. d4 {Ftacnik} Nf6 2. c4 e6 3. Nf3 d5 4. Nc3 Be7 5. Bg5 O-O 6. e3 h6 7. Bh4 b6
8. Qb3 Bb7 9. Bxf6 Bxf6 10. cxd5 exd5 11. Rd1 Re8 12. Bd3 c5 13. dxc5 Nd7 14.
c6 (14. cxb6 {Ftacnik} Nc5 15. Qc2 Nxd3+ 16. Rxd3 axb6 (16... Qxb6 $44)) 14...
Bxc6 15. O-O Nc5 16. Qc2 (16. Qa3 {Ftacnik} a5 17. Ne2 Qd6 18. Ned4 Bb7 19. Bb5
Red8 20. Qc3 Rac8 21. Qd2 Ne4 22. Qe2 Ng5 23. Rd2 g6 24. h3 {Bagirov,
V-Beliavsky,A/USSR/1981/1/2-1/2 (50)}) 16... Rc8 (16... Qe7 {Ftacnik} 17. Nd4 (
17. Bb5 Bxb5 18. Nxb5 Red8 19. Nbd4 Ne6 20. Qb3 Rac8 21. Rd2 Rc4 22. Qd1 Nxd4
23. Nxd4 Bxd4 24. Rxd4 Rxd4 25. Qxd4 Qe4 {1/2-1/2 Georgiev,K-Beliavsky,A/
Investbanka 1997 (42)}) 17... Bb7 18. Bh7+ Kh8 19. Bf5 Red8 20. Rfe1 Ne4 21.
Re2 g6 22. Bxe4 dxe4 23. Red2 Rac8 {1-0 Moskalenko,V-Shneider,A/UKR-ch 1986 
(45)}) (16... Nxd3 {Ftacnik} 17. Qxd3 Rc8 18. Nd4 Bb7 19. Rd2 Qe7 20. Rfd1 Red8
21. Nce2 g6 22. Qb3 {1-0 Barlov,D-Gomez Esteban,J/Mesa op 1992 (37)}) (16...
Bb7 {Ftacnik} 17. Bb5 (17. Bh7+ Kh8 18. Bf5 Qd6 $5 $13 {/\ Rad8 /\ Rad8} 19. e4
$6 d4 20. Nb5 Qf4 21. Nfxd4 Nxe4 22. g3 Qe5 23. Rfe1 Qc5 $1 $15 24. Rxe4 $2
Bxe4 25. Bxe4 Rad8 $17) (17. Rd2 Rc8 18. Bh7+ Kh8 19. Bf5 Bxc3 20. bxc3 Rc7) (
17. Bc4 Bxc3 18. Qxc3 Rc8 $10) 17... Re7 (17... Re6 18. Nd4 $14) 18. Nxd5 (18.
Nd4 Rc8 $10) 18... Bxd5 19. Qf5 Bxb2 20. Rxd5 Qc8 21. Qc2 Bf6 22. Rfd1 {
[%cal Rd5d8]} (22. Nd4 a6 23. Be2 (23. Bc4 Ne4) 23... Qc7 24. Bf3 Rae8 (24...
Rc8 25. Nf5 Re5 26. Rd2) 25. Rd1 (25. Nf5 $5 Re5 26. Rd2) 25... g6 26. g3 {
1/2-1/2 Piket,J-Short,N/Amsterdam VSB 1996 (50)}) 22... a6 (22... Ne6 23. Qf5
Qc3 $10) 23. Bf1 (23. Bc4 Rc7 $10) (23. Rd8+ $6 Qxd8 24. Rxd8+ Rxd8 25. Bc4
Red7 $15) 23... Re8 {/\ Ne4} (23... Qc7 24. Nd4 Ne4 $1 $10) (23... Ne4 24.
Qxc8+ Rxc8 25. Bxa6 $16) (23... Qc7 $5) 24. Bc4 $5 {1-0 Lautier,J-Beliavsky,A/
Dortmund 1995 (33)}) 17. Bh7+ (17. Bb5 Ne4 18. Bxc6 Rxc6 19. Qa4 Nxc3 20. bxc3
Rc5 21. c4 {1/2-1/2 Gurevich,D-Portisch,L/New York op 1984/MCD-op}) (17. Nd4 {
Ftacnik} Bxd4 18. exd4 Ne6 19. Bf5 Bd7 20. Bxe6 Bxe6 21. Rfe1 Qd6 22. Re3 Rc4
23. Qe2 Rec8 24. Re5 Qd7 25. h3 b5 26. a3 a5 27. Qe3 b4 $15 {1/2-1/2 Kaunas,
K-Barsov,A/Bankia op 1989}) 17... Kh8 (17... Kf8 {Ftacnik} 18. Bf5 Ne6 19. Rd2)
18. Bf5 Ne6 (18... Rc7 {Ftacnik} 19. Nd4 $11) 19. Nd4 (19. Qb3 {Ftacnik} Bxc3
$1 20. bxc3 Qf6 $15) (19. Rd2 $5 {Ftacnik} Bb7 20. Rfd1 Bxc3 21. bxc3 Qf6 22.
Nd4 $11) 19... Nxd4 20. exd4 Rc7 21. Qd3 (21. Bg4 $2 {Ftacnik} Bb5 22. Rfe1
Rxe1+ 23. Rxe1 Bxd4 $17) 21... g6 22. Bg4 h5 23. Bf3 Rce7 $15 {Es ist
merkwürdig, wie Kramnik seine Figuren harmonisch umgruppiert und Angriff am
Königsflügel erlangt!} 24. g3 h4 25. Qd2 (25. Bg2) (25. Qc2 {Ftacnik} Kg7 26.
Qb3 Rd7 $15) 25... Kg7 26. g4 $2 {Ftacnik: Very serious mistake, white is
forgetting about the fatal weakness of the b8-h2 diagonal. Schwächt die
Diagonale h2-b8. Ftacnik: Eine sehr schwerer Fehler. Weiß hat einfach
vergessen, die fatale Schwächung der Diagonale b8-h2 zu bedenken.} (26. Qc2
$142 {/\ Qb3}) (26. Rfe1 Bg5 $1 $19) (26. Qc2 {Ftacnik}) 26... Re6 27. h3 Bg5
28. Qc2 Qd6 $1 {[%cal Yg5d8,Yd8c7,Yd6h2] Jetzt erkennt man den Nachteil der
Schwächung der Diagonale h2-b8. Die Umgruppierung Qf4 nebst Bd8 - Bc7 ist sehr
gefährlich für den weißen Monarchen.} 29. Qb3 Bd8 30. Bg2 (30. Bxd5 Qf4 $19 (
30... Qf4 $1 {Ftacnik} 31. Kg2 (31. Qc2 Bc7 32. f3 Re2 $19) 31... Rf6 (31...
Bc7 32. Rh1 Rf6 33. Rdf1 Re3 $1 $19) 32. Bxc6 Bc7 $19) (30... Bc7 31. f4 Re3
$40)) 30... Qf4 (30... Bc7 {Ftacnik} 31. f4 Re3 $17) 31. Rc1 Bc7 32. Rfd1 Rf6 {
Ftacnik: Not a nice picture for white, he could not even get a compensation
for his exposed king. Ftacnik: Kein schönes Bild fur Weiß. Er hat keinerlei
Kompensation für die exponierte Stellung seines Königs bekommen.} 33. Qc2 (33.
Rc2 {Ftacnik} Re3 34. Kf1 Qh2 $19) 33... Re3 34. Kf1 (34. g5 {Ftacnik} Qh2+ 35.
Kf1 Rf4 36. Rd3 Rg3 $19) 34... Rxc3 (34... Rxc3 $1 {Ftacnik} 35. bxc3 Bb5+ 36.
Ke1 Re6+) 0-1

[Event "Belgrade Investbank"]
[Site "Belgrade"]
[Date "1997.11.21"]
[Round "9"]
[White "Kramnik, Vladimir"]
[Black "Ivanchuk, Vassily"]
[Result "1/2-1/2"]
[WhiteElo "2770"]
[BlackElo "2725"]
[Annotator "Baburin,A"]
[PlyCount "63"]
[EventDate "1997.11.11"]
[EventType "tourn"]
[EventRounds "9"]
[EventCountry "YUG"]
[EventCategory "18"]
[SourceTitle "CBM 062"]
[Source "ChessBase"]
[SourceDate "1998.01.31"]
[SourceVersion "1"]
[SourceVersionDate "1998.01.31"]
[SourceQuality "1"]

1. Nf3 Nf6 2. c4 g6 3. Nc3 d5 4. Qa4+ Bd7 5. Qb3 dxc4 6. Qxc4 Nc6 7. d4 Bg7 8.
e4 O-O 9. e5 Be6 10. exf6 Bxc4 11. fxg7 Kxg7 12. Bxc4 Nxd4 13. Nxd4 Qxd4 14.
Be2 {This position is yet another example of how unusual material correlations
arise as a result of opening play. It is hard to assess this position and as I
am using this game just as an example of one particular theme I would like to
use the assessment, very popular among commentators - 'unclear'! Of course,
two extra pawns is a valuable addition to the black queen, but White has no
weaknesses and can target Black's pawns.} Rad8 15. O-O Qe5 16. Be3 Rd7 17. Rfe1
Qa5 18. a3 Rfd8 19. Bg4 f5 20. Bf3 e5 21. Bg5 (21. Bxb7 $1 c5 22. Bc6 Rd6 (
22... f4 23. Bxd7 Rxd7 24. Bc1 c4 25. h3 $1 $18 {Anand; /\ Re2, Bd2}) 23. Bb5
a6 24. Bf1 $18) 21... e4 22. Be2 c6 23. Bxd8 Qxd8 24. Red1 b5 25. Rxd7+ Qxd7
26. Rd1 Qe6 27. g3 a5 28. Rd2 e3 29. Rd3 exf2+ 30. Kxf2 Qe5 31. Bf3 Qc5+ 32.
Kf1 1/2-1/2

[Event "EU-Cup 13th final"]
[Site "Kazan"]
[Date "1997.12.29"]
[Round "2"]
[White "Kramnik, Vladimir"]
[Black "Bareev, Evgeny"]
[Result "0-1"]
[WhiteElo "2770"]
[BlackElo "2670"]
[Annotator "Ribli,Z"]
[PlyCount "90"]
[EventDate "1997.12.28"]
[EventType "team-k.o."]
[EventRounds "4"]
[EventCountry "RUS"]
[SourceTitle "EXT 2020"]
[Source "ChessBase"]
[SourceDate "2019.10.17"]
[SourceVersion "1"]
[SourceVersionDate "2019.10.17"]
[SourceQuality "1"]
[WhiteTeam "Kazan Sberbank-Tatarstan"]
[BlackTeam "Azov Ladya"]
[WhiteTeamCountry "RUS"]
[BlackTeamCountry "RUS"]

1. Nf3 d5 2. d4 Nf6 3. c4 e6 4. Nc3 Bb4 {Die sogenannte Ragozin-Variante des
Damengambits, in der Schwarz nach lebendigem Figurenspiel strebt. Das ganze
System ist nach meiner Meinung etwas riskant f�r Schwarz. Ribli.} 5. Qa4+ {
Kramnik w�hlt eine Nebenvariante. Die prinzipielle Fortsetzung ist 5.cxd5
exd5 6.Bg5.} Nc6 6. a3 Be7 (6... Bxc3+ 7. bxc3 Bd7 (7... O-O 8. Bg5 h6 9. Bh4
Bd7 10. cxd5 exd5 11. Qc2 b5 12. e3 Rb8 13. Bd3 Qe7 14. O-O Rfe8 15. Nd2 Na5
16. Nb3 Nb7 17. Rfe1 {1-0 Bertok,M-Krstev,K/JUG-ch 1961 (36)}) 8. cxd5 (8. Qc2
O-O 9. cxd5 exd5 10. Bg5 Re8 11. e3 h6 12. Bxf6 Qxf6 13. Be2 Bf5 14. Qa2 Rad8
15. O-O Rd6 16. c4 dxc4 17. Qxc4 Be4 $13 {Yepez,O-Ortega,R/Panamerican 1966/
1-0 (63)}) 8... exd5 9. Bg5 h6 10. Bxf6 (10. Bh4 g5 11. Bg3 Ne4 $13) 10... Qxf6
11. e3 (11. Qb3 Qd6 12. e3 (12. Qxb7 Rb8 13. Qa6 Bf5 (13... Nxd4 14. Qxd6 Nxf3+
15. gxf3 cxd6 $10) 14. e3 O-O 15. Be2 Rb2 16. O-O Rfb8 $44) 12... Bf5 $13)
11... O-O 12. Be2 a6 13. Qb3 Qd6 14. O-O b5 15. Ne1 Na5 16. Qb4 Qxb4 17. cxb4
Nc4 {1/2-1/2 Jelling,E-Hector,J/Bellinge 1991}) 7. cxd5 (7. e3 O-O 8. Qc2 dxc4
9. Bxc4 Bd6 10. b4 e5 11. b5 exd4 12. bxc6 dxc3 13. Qxc3 bxc6 14. Bb2 Rb8 15.
h3 Qe7 16. O-O c5 17. Rae1 Be6 18. Nd2 Rfd8 19. f4 Qd7 20. Re2 Bf8 21. Qc2 Bxc4
22. Nxc4 Qd3 23. Qxd3 Rxd3 24. Bxf6 gxf6 25. Rc2 {1/2-1/2 Puc,S-Sokolov,V/
Sarajevo 1958 (28)}) 7... exd5 8. Bf4 O-O 9. e3 Bf5 10. Ba6 $5 {Eine orginelle
Art, den L�ufer zu entwickeln.} (10. Be2 $10 {lenkt in eine normale
Damengambitstellung, aber der schwarze Springer steht auf c6 nicht gl�cklich.
}) 10... bxa6 11. Qxc6 Rb8 $13 12. b4 (12. Bxc7 Qc8 13. Nd1 (13. Nxd5 Nxd5 14.
Qxd5 Rb5 15. Qc6 Rxb2 16. Rc1 (16. O-O Rc2 $19) 16... Bxa3 17. O-O Rb7 18. Rc3
(18. Rc4 Bd3) 18... Bb4 19. Rcc1 Bd3 20. Rfd1 Be2 $17) 13... Rb6 (13... Rb7 14.
Rc1) 14. Qc1 (14. Qc3 Ne4) 14... Rb7 15. Bf4 Qe6 16. O-O Rc8 17. Nc3 Ne4 $44
18. Nd2 Nxc3 19. bxc3 Bd8) 12... Rb6 13. Qa4 Nh5 14. Bg3 (14. Be5 Bg4 $13) (14.
Bxc7 Qxc7 15. Nxd5 Qb7 16. Nxb6 axb6 $13 {Schwarz hat zwei Leichtfiguren gegen
Turm und zwei Bauern.}) 14... Rh6 {Strategisch Schwarz steht sehr schlecht.
Praktisch alle seine Bauern am Damenfl�gel sind schwach. Andererseits
besitzt er das L�uferpaar und gro�e Initiative am K�nigsfl�gel.} 15.
O-O (15. Ke2 $5 {Ein auf den ersten Blick sonderbarer Zug, aber der Koenig
steht hier keineswegs schlechter als in der Partie auf g1.} Bg4 $13) 15... Nxg3
16. hxg3 Bd6 17. Rfe1 (17. Nxd5 Bxg3 (17... Be4 $5 18. Nc3 (18. Nf4 Bxf4 19.
exf4 Bxf3 20. gxf3 Qc8 21. g4 Qd8 22. g5 (22. Kg2 Qxd4 (22... Qh4 $2 23. Rh1
$16) 23. f5 c5) 22... Rh4) 18... Bxf3 19. gxf3 Qc8 20. g4 Qd8 21. Rfc1 Qh4 22.
Kf1 Qh3+ 23. Ke2 Rf6 24. Qc6 Bxb4) 18. fxg3 Qxd5 19. Ne5 Be4 20. Nxf7 $1 Rxf7
21. Qe8+ $18) 17... Be4 18. Nxe4 (18. Nd2 Bf5 19. Nf3 Be4 $10) 18... dxe4 19.
Nd2 f5 $1 20. Qxa6 (20. Nc4 Qg5 21. Qd1 Rh5 22. Rc1 Qh6 23. Kf1 Rh1+ 24. Ke2
$14 {Wenn Wei� den schwarzen Angriff abwehren kann, hat er gute Aussichten
im Endspiel.}) 20... Qg5 21. Qe2 {Gegen 22...Qh5 gerichtet.} (21. Qc4+ $5 Kh8
22. Qe2 {In einigen Varianten macht dies einen gro�en Unterschied wegen der
schwachen schwarzen Grundreihe.}) 21... Rh5 22. Nc4 $2 (22. Nf1 Qh6 23. f4 exf3
24. Qxf3 Rh1+ (24... f4 25. exf4 Bxf4 26. Qb3+ Kh8 27. gxf4 Rh1+ 28. Kf2 Qxf4+
29. Ke2) 25. Kf2 Qe6 $44) 22... Qh6 23. f4 exf3 24. Qxf3 {#} Bxg3 $3 $17 {
Dieser sch�ne Zug bietet dem Schwarzen Vorteil. Die Aufstellung der
schwarzen Schwerfiguren ist so �berzeugend, da� Wei� die Dame abgeben
mu�.} 25. Qxg3 f4 26. Qg4 (26. exf4 Rxf4 27. Re8+ {H�tte Wei� 21.Qc4 Kh8
22.Qe2 gespielt - w�re jetzt Matt, aber in diesem Fall h�tte Schwarz
nat�rlich anders spielen m�ssen.} Kf7 28. Qxf4+ Qxf4 29. Rf1 Rh1+ $19)
26... fxe3 27. Qxh5 $8 Qxh5 28. Nxe3 (28. Rxe3 Qf7 29. Rc3 (29. Rc1 Qf2+ 30.
Kh2 Rf4 $19) 29... Qf2+ 30. Kh2 Qh4+ 31. Kg1 (31. Rh3 Qxd4 32. Rc1 Qf4+ $19)
31... Qxd4+ $19) 28... Qh4 {Turm und Springer bieten keine ausreichende
Kompensation f�r die Dame. Fr�her oder sp�ter setzt sich der schwarze
Materialvorteil durch.} 29. Re2 Qxd4 30. Rd1 Qc3 31. Nd5 Qxa3 32. Kh2 (32. Nxc7
Qxb4 $19) 32... h6 33. Re3 Qa6 (33... Qb2) (33... Qa4) 34. Nxc7 Qc4 35. Nd5 Kh7
{Der schwarze K�nig befindet sich in Sicherheit, damit kann der Angriff
beginnen.} 36. Red3 Qh4+ 37. Rh3 Qg4 38. Rd2 Rf5 39. Rhd3 Qh4+ 40. Rh3 Qc4 {
Ich glaube, da� die letzte Phase der Partie in Zeitnot gespielt wurde. In
diesem Fall mu� zun�chst mit bescheidenen Z�gen und Zugwiederholungen 
(wie Barejev spielte) die Zeitkontrolle erreicht werden, bevor ein konkreter
Plan zu Realisierung des Vorteils gefunden werden kann.} 41. Rhd3 Qh4+ 42. Rh3
Qe4 $19 {Nach diesem Zug gibt es f�r Wei� keine Verteidigung mehr.} 43. Re3
(43. Rhd3 Rh5+ 44. Kg3 (44. Kg1 Qe1#) (44. Rh3 Rxd5 $19) 44... Rg5+ 45. Kh3
Rxg2 46. Rxg2 Qxd3+ $19) (43. Nc3 Qf4+ $19) 43... Rh5+ 44. Kg1 Qb1+ 45. Kf2
Rxd5 $1 {und Wei� gab wegen 46.Rxd5 Qa2+ mit Turmgewinn auf. Eine sch�ne
Partie, die Barejev in Kramniks Stil spielte. Ribli.} 0-1

[Event "EU-Cup 13th final"]
[Site "Kazan"]
[Date "1997.12.30"]
[Round "3"]
[White "Galliamova, Alisa"]
[Black "Kramnik, Vladimir"]
[Result "0-1"]
[WhiteElo "2445"]
[BlackElo "2770"]
[Annotator "Ribli,Z"]
[PlyCount "82"]
[EventDate "1997.12.28"]
[EventType "team-k.o."]
[EventRounds "4"]
[EventCountry "RUS"]
[SourceTitle "EXT 2020"]
[Source "ChessBase"]
[SourceDate "2019.10.17"]
[SourceVersion "1"]
[SourceVersionDate "2019.10.17"]
[SourceQuality "1"]
[WhiteTeam "Kazan Sberbank-Tatarstan II"]
[BlackTeam "Kazan Sberbank-Tatarstan"]
[WhiteTeamCountry "RUS"]
[BlackTeamCountry "RUS"]

1. Nf3 c5 2. c4 Nc6 3. Nc3 Nd4 {Diese - auf den ersten Blick - sonderbar
anmutende Fortsetzung ist in letzter Zeit sehr populär.Ribli.} 4. e3 (4. g3 $5
{Meines Erachtens ist dies die beste Fortsetzung für Weiß.} Nxf3+ 5. exf3 e6 (
5... Nf6 6. d4 e6 7. Bg2 d5 8. cxd5 Nxd5 9. O-O Nxc3 10. bxc3 cxd4 11. cxd4 Bd6
12. Qb3 O-O 13. f4 Rb8 14. Bb2 {1/2-1/2 Ribli,Z-Emms,J/BL9596 1996 (31)}) 6. d4
cxd4 7. Qxd4 b6 8. Bg2 Bb7 9. O-O Nf6 10. Ne4 Nxe4 11. fxe4 f6 12. Qd1 Bc5 13.
Qh5+ $14 g6 14. Qh6 Kf7 (14... Bf8 15. Qd2 Bg7 16. Rd1 Bc6 17. b3 O-O 18. Bb2
Qc7 19. Re1 Qb7 20. b4 $14 {+/= Gulko,B-Krasenkow,M/Polanica Zdroj 1996}) 15.
Rd1 Bc6 16. b3 $5 $146 (16. Be3 Qf8 17. Qf4 e5 18. Qf3 Qe7 19. Bxc5 bxc5 20.
Rd3 Rab8 21. b3 Rhd8 22. Rad1 d6 23. Qe3 Rb6 24. Qd2 $14 {Vaganian,R-Yudasin,L/
Moscow olm 1994/CBM 45/[Ribli]/1-0 (62)}) 16... Qf8 17. Qd2 $14 {Ribli,
Z-Ivanisevic,I/Maroczy mem 1997/1-0 (50)}) 4... Nxf3+ 5. Qxf3 g6 6. b3 Bg7 7.
Bb2 d6 8. Qd1 (8. Bd3 Nf6 9. Rb1 O-O 10. Ne4 e5 11. Nxf6+ Qxf6 12. Qxf6 Bxf6
13. Bc3 Be6 14. Ke2 d5 15. cxd5 Bxd5 {1/2-1/2 Hauchard,A-Berebora,T/Andorra
1996/EXP 54 (37)}) 8... e5 $5 $146 {Schwarz verhindert 9.d4 und gibt die
Kontrolle über das Feld d5 auf. Dafür kann er mit Ne7 und späterem f7-f5 seine
Initiative am Königsflügel organisieren.} (8... Nf6 9. Be2 O-O 10. Bf3 Rb8 11.
O-O a6 12. d4 b5 13. dxc5 bxc4 14. cxd6 Qxd6 15. Qxd6 exd6 16. Nd5 Nxd5 17.
Bxg7 Kxg7 18. Bxd5 cxb3 19. axb3 Rb6 20. h3 Be6 {1/2-1/2 Andersson,U-Xu Jun/
Manila olm 1992/TD 92\02 (24)}) (8... Nh6 9. Be2 Nf5 10. Qc2 e5 11. Bf3 O-O 12.
Rd1 Rb8 13. Ne2 Qe7 14. Bd5 Be6 15. Bxe6 Qxe6 16. O-O b5 17. d3 a6 18. Nc3 Ne7
19. Ne2 Nc6 {1/2-1/2 Kleff,A-Bruchmann,S/Berliner Sommer 1994}) 9. Be2 (9. g3
Ne7 10. Bg2 O-O 11. O-O f5 12. f4 e4 13. d3 d5 $13) 9... Ne7 10. O-O O-O $11
11. Bf3 {Weiß verstärkt zwar die Kontrolle über das Feld d5, aber der Läufer
steht nicht gut auf f3.} (11. d3 f5 12. f4 $11) 11... f5 12. Nd5 Be6 {Schwarz
beendet in aller Ruhe seine Entwicklung. Die Schwächung des Feldes d5 spielt
keine Rolle.} (12... e4 13. Bxg7 (13. Nxe7+ Qxe7 14. Bxg7 Kxg7 15. Be2) 13...
Kxg7 14. Nxe7 Qxe7 (14... exf3 15. Nxc8 fxg2 16. Kxg2 Rxc8 $11) 15. Be2 $11)
13. d3 (13. Nxe7+ Qxe7 14. d3 (14. Bd5 $2 Bxd5 15. cxd5 Qf7 $17 {[%csl Rd5]})
14... g5 $15) 13... g5 $15 14. e4 (14. h3 $6) (14. g3 $6 g4 15. Bg2 h5) 14...
g4 (14... f4 $2 {Dieser Zug gewinnt zwar Raum am Königsflügel, dennoch wäre er
ein strategischer Fehler, weil er die weißen Felder schwächt und den Bg7
einschließt.} 15. Bg4 $11 {[%csl Rg7]}) 15. Be2 h5 16. f3 $8 {Sonst spielt
Schwarz 16...f4 nebst 17...g3, mit großem Übergewicht am Königsflügel.} Nxd5
17. cxd5 (17. exd5 $6 Bd7 $15 {Und Schwarz hat greifbares Übergewicht am
Königsflügel.}) 17... Bd7 18. Bc1 {[%cal Gc1h6] Der weiße Läufer stamd
schlecht auf b2, auf c1 kontrolliert er die Diagonale c1-h6 und verhindert das
Erscheinen des schwarzen Läufers auf h6.} g3 $1 {Schwarz opfert einen Bauern
für offene Linien. Das ist ein für die Königsindische Verteidigung typisches
Motiv.} 19. hxg3 (19. h3 $6 {Nach diesem Zug kann Weiß nur warten. Schwarz hat
derweilen freie Hand am Königsflügel und am Damenflügel.}) 19... f4 20. Qe1 (
20. g4 hxg4 21. fxg4 Rf6 $44 {[%cal Rf6g6,Rg6g1]}) (20. gxf4 $2 exf4 $17 {
[%csl Gg7][%cal Rg7a1]} 21. Rb1 Bd4+ {[%csl Rg1]}) 20... Qg5 $1 (20... fxg3 $2
21. Qxg3 $16) 21. Rb1 Qxg3 22. Qxg3 fxg3 23. b4 $6 {Weiß verliert die Geduld
und möchte selbst zu aktivem Spiel am Damenflügel kommen. Der Partiezug
beschleunigt jedoch nur die schwarzen Aktionen.} (23. Be3 $5 {Und Weiß
bereitet den Königsmarsch mit Kf1-Ke1-Kd2 vor.}) 23... cxb4 24. Rxb4 b5 {
Jetzt hat Schwarz nicht nur großen Raumvorteil am Königsflügel, sondern auch
eine gesunde Bauernmehrheit am Damenflügel.} 25. Bg5 Rac8 (25... Bf6 $6 {
Unter strategischem Gesichtspunkt wäre das eine gute Idee, aber Weiß kann zu
schnell die c-Linie besetzen.} 26. Bxf6 Rxf6 27. Rc1 $132 {[%csl Gc1][%cal
Gc1c8]}) 26. Rb2 (26. Rc1 Rxc1+ 27. Bxc1 Rc8 $17 {[%cal Rc8c1]}) 26... Bf6 27.
Bxf6 (27. Be3 Rc7 $15) 27... Rxf6 28. d4 {Weiß strebt nach Vereinfachung, aber
das kommt nur Schwarz zugute. Andererseits war guter Rat ohnehin schon teuer.
Schwarz hat positionellen Vorteil, Druck am Königsflügel und beherrscht die
c-Linie.} exd4 29. Bxb5 Rb8 30. Rfb1 Rxb5 (30... Bxb5 31. a4) 31. Rxb5 Bxb5 32.
Rxb5 Rf8 $17 {[%csl Gd4,Gg3][%cal Rf8c8,Rc8c1,Rc1g1] Das Erscheinen und
Eindringen des Turmes ist sehr gefährlich für Weiß. Sein König steht sehr
passiv.} 33. Kf1 Rc8 34. Ke2 (34. Rb2 d3 {[%csl Rf1][%cal Rc8c1,Rc1f1]} 35. Ke1
h4 {[%csl Gg3,Gh4]} 36. Kd2 Rc2+ 37. Rxc2 dxc2 38. Kxc2 h3 $19) 34... Rc2+ 35.
Kd3 Rxg2 36. e5 $5 {Dieser Zug kann die Partie nicht retten, aber läßt noch
einige theoretische Gegenchancen offen. Ein bedeutsames Prinzip in
Turmendspielen ist, daß die Qualität der Bauern immer wichtiger ist als ihre
Quantität.} (36. Kxd4 h4 37. e5 dxe5+ 38. Kxe5 h3 39. Kf6 Rf2 $19 {Da es kein
Dauerschach für Weiß gibt, entscheiden die schwarzen Freibauern die Partie.})
36... Rf2 $1 (36... dxe5 $2 37. d6 Kf7 38. Rxe5 {[%csl Gd6,Ge5,Rf7]} Rb2 $1 $11
) 37. exd6 Rxf3+ 38. Ke4 (38. Kxd4 {Nach diesem Zug kann der schwarze g-Bauer
auf g1 mit Schach umgewandelt werden.} g2 39. Rb1 Rf1 40. d7 g1=Q+ $19) 38...
Rf8 39. Rb1 h4 $19 {Die verbundenen Freibauern entscheiden zusammen die Partie.
} 40. d7 (40. Rg1 Kg7 {Schwarz möchte Kg6-Kg5-Kg4 spielen, mit Gewinn.} (40...
Kh7 $1 41. Rh1) 41. Ke5 d3 $19) 40... g2 41. Rc1 Kg7 $1 {Und Weiß gab in
hoffnungsloser Stellung auf.Ribli.} (41... h3 $2 42. Rc8 g1=Q 43. Rxf8+ Kxf8
44. d8=Q+ Kg7 45. Qd7+ {[%cal Rd7h3]}) (41... Kg7 42. Rc8 g1=Q 43. Rxf8 Qe3+
44. Kf5 Qf3+ 45. Ke5 Qxf8 $19) 0-1